Proceso a una democracia: el pensamiento político de Jorge Prat

محفوظ في:
التفاصيل البيبلوغرافية
المؤلف الرئيسي: Arnello Romo, Mario (مؤلف)
التنسيق: كتاب
اللغة:الإسبانية
منشور في: Santiago El Imparcial 1964
الطبعة:1a. ed
الموضوعات:
الوسوم: إضافة وسم
لا توجد وسوم, كن أول من يضع وسما على هذه التسجيلة!

MARC

LEADER 00000cam a2200000 a 4500
001 UCE6419
003 CL-VaPUC
008 150409e19640000cl |||||||||||||||||spa|d
082 0 4 |a 321.8  |b ARN  |2 21 
100 0 |a Arnello Romo, Mario  |e author  |9 579080 
245 1 0 |a Proceso a una democracia: el pensamiento político de Jorge Prat 
250 |a 1a. ed 
300 |a 348 p 
942 |c BK 
945 |d 20150409 10:07:00  |a arojas 
260 |a Santiago  |b El Imparcial  |c 1964 
650 0 |a Política y gobierno  |9 255151 
650 0 |a Ciencia política  |9 324218 
650 0 |a Democracia  |9 255256 
651 7 |a CHILE  |2 CL-VaPUC  |9 579081 
583 |a last modification  |c 20150409 10:07:00  |k Rodrigo Vera 
999 |c 358751  |d 358749 
952 |0 0  |1 0  |3 erb  |4 0  |6 321_800000000000000_ARN_1964  |7 0  |8 X  |9 467640  |a FDOBUD  |b FDOBUD  |i 5157773  |o 321.8 ARN 1964  |p 5157773  |r 2019-11-23  |w 2019-11-23  |y BK_X  |z Catalogado en:20150409  |k BUD